=LDR 00000nam 2200000 4500 =001 INLIS000000000051366 =005 20170913022245 =035 ##$$a 0010-0917000170 =007 ta =008 170913###########################0###### =020 ##$$a 978-602-0808-32-1 =082 ##$$a 370.114 =084 ##$$a 370.114 GIN s =100 #$$a Ginung Yogiswastiko =245 1#$$a SMP Seri Pendalaman Materi Pendidikan Kewarganegaraan untuk SMK /$c Ginung Yogiswastiko =260 ##$$a Yogyakarta :$b Trans idea publishing,$c 2016 =300 ##$$a 144 hlm : $b Ilus ; $c 24 cm =650 ##$$a Pendidikan Kewarganegaraan =504 ##$$a Bibliografi : Hlm.143 =990 ##$$a 1092510925 =990 ##$$a 1092510925 =990 ##$$a 1092510925 =990 ##$$a 1092510925 =990 ##$$a 1092510925 =990 ##$$a 21704106 =990 ##$$a 01201710925 =990 ##$$a 01201710926 =990 ##$$a 01201710927 =990 ##$$a 01201710928 =990 ##$$a 21704107 =990 ##$$a 01201710925 =990 ##$$a 01201710926 =990 ##$$a 01201710927 =990 ##$$a 21704106 =990 ##$$a 21704108 =990 ##$$a 01201710925 =990 ##$$a 01201710926 =990 ##$$a 21704107 =990 ##$$a 21704106 =990 ##$$a 21704109 =990 ##$$a 01201710925 =990 ##$$a 21704108 =990 ##$$a 21704107 =990 ##$$a 21704106 =990 ##$$a 21704110 =990 ##$$a 21704109 =990 ##$$a 21704108 =990 ##$$a 21704107 =990 ##$$a 21704106